Những di tích thời tiền sử và sơ sử ở Quảng Nam - Đà Nẵng

Сохранить в:
Библиографические подробности
Главный автор: Trần Quốc Vượng
Другие авторы: Quang Văn Cậy, Trịnh Căn..
Формат:
Язык:Vietnamese
Опубликовано: Tp. Đà Nẵng Sở văn hoá Thông tin Quảng Nam - Đà Nẵng 1985
Предметы:
Метки: Добавить метку
Нет меток, Требуется 1-ая метка записи!
Thư viện lưu trữ: Mạng thư viện Đại học Đà Nẵng
LEADER 01341nam a2200373 4500
001 000010062
003 6262
005 20111110081110.0
008 111110s1985 viesd
041 0 |a vie 
082 |a 930.1  |b TR-V 
100 0 |a Trần Quốc Vượng 
245 0 |a Những di tích thời tiền sử và sơ sử ở Quảng Nam - Đà Nẵng  |c Trần Quốc Vượng ; Quang Văn Cậy ; Trịnh Căn.. 
260 |a Tp. Đà Nẵng  |b Sở văn hoá Thông tin Quảng Nam - Đà Nẵng  |c 1985 
300 |a 119 tr  |c 27 cm 
500 |a ĐTTS: Sở Văn hoá và Thông tin Quảng Nam - Đà Nẵng 
504 |a Thư mục tr: 113-119 
653 |a Di tích 
653 |a Tiền sử 
653 |a Sơ sử 
653 |a Quảng Nam- Đà nẵng 
700 |a Quang Văn Cậy 
700 |a Trịnh Căn.. 
910 |a Nguyễn Thị Kim Oanh  |d 10/11/2011 
OWN |a LSP 
AVA |a UDN50  |b LSP  |d 930.1 TR-V  |e available  |t Error 5001 Not defined in file expand_doc_bib_avail.  |f 2  |g 1  |h N  |i 0  |k 1 
999 |a From the UDN01 
AVA |a UDN50  |b LSP  |d 930.1 TR-V  |e available  |t Error 5001 Not defined in file expand_doc_bib_avail.  |f 2  |g 1  |h N  |i 0  |k 1 
TYP |a Monograph 
TYP |a Printed language 
980 |a Mạng thư viện Đại học Đà Nẵng